ਤਿਲਫੁਲ (Record no. 1465195)

MARC details
000 -LEADER
fixed length control field 00859 a2200241 4500
005 - DATE AND TIME OF LATEST TRANSACTION
control field 20260109125545.0
008 - FIXED-LENGTH DATA ELEMENTS--GENERAL INFORMATION
fixed length control field 260109b |||||||| |||| 00| 0 eng d
020 ## - INTERNATIONAL STANDARD BOOK NUMBER
International Standard Book Number 9789381419233 (hbk)
037 ## - SOURCE OF ACQUISITION
Terms of availability REF
040 ## - CATALOGING SOURCE
Original cataloging agency CRL
Transcribing agency CRL
041 ## - LANGUAGE CODE
Source of code pun
Language code of text/sound track or separate title pun
084 ## - COLON CLASSIFICATION NUMBER
Classification number Qz7 153R3.1-.2
Assigning agency CRL
100 ## - MAIN ENTRY--PERSONAL NAME
Personal name ਪੰਨੂ, ਹਰਪਾਲ ਸਿੰਘ
9 (RLIN) 850486
245 ## - TITLE STATEMENT
Title ਤਿਲਫੁਲ
246 ## - VARYING FORM OF TITLE
Title proper/short title Tilful /Pannu, Harpal singh
260 ## - PUBLICATION, DISTRIBUTION, ETC.
Place of publication, distribution, etc. Ludhiana, India:
Name of publisher, distributor, etc. Lahore Book Shop,
Date of publication, distribution, etc. 2023.
300 ## - PHYSICAL DESCRIPTION
Extent 256p. (Vol.1)
-- 288p. (Vol. 2)
365 ## - TRADE PRICE
Price amount 750.00
Currency code INR
440 ## - SERIES STATEMENT/ADDED ENTRY--TITLE
Volume/sequential designation Vol.1-.2
650 ## - SUBJECT ADDED ENTRY--TOPICAL TERM
Source of heading or term Religion
942 ## - ADDED ENTRY ELEMENTS (KOHA)
Koha item type Reference
Source of classification or shelving scheme Colon Classification (CC)
Suppress in OPAC No
Classification part Qz7 153R3.1-.2
Holdings
Withdrawn status Lost status Source of classification or shelving scheme Damaged status Not for loan Home library Current library Date acquired Source of acquisition Cost, normal purchase price Inventory number Total Checkouts Full call number Barcode Date last seen Cost, replacement price Price effective from Koha item type
    Colon Classification (CC)     Central Library Central Library 2026-01-09 Star Publications Pvt. Ltd. 600.00 SP/1059 & 02.01.2026   Qz7 153.2 CL1925226 2026-01-07 750.00 2026-01-07 Textbook
    Colon Classification (CC)     Central Library Central Library 2026-01-09 Star Publications Pvt. Ltd. 600.00 SP/1059 & 02.01.2026   Qz7 153.1 CL1925225 2026-01-09 750.00 2026-01-09 Reference
Copyright @ Delhi University Library System